<?xml version="1.0" encoding="UTF-8"?>
<collection xmlns="http://www.loc.gov/MARC21/slim">
 <record>
  <leader>03084cam a2200625 c 4500</leader>
  <controlfield tag="001">1860776140</controlfield>
  <controlfield tag="003">DE-627</controlfield>
  <controlfield tag="005">20260220123300.0</controlfield>
  <controlfield tag="007">tu</controlfield>
  <controlfield tag="008">231005s2023    sp |||||      00| ||spa c</controlfield>
  <datafield tag="010" ind1=" " ind2=" ">
   <subfield code="a">  2023465666</subfield>
  </datafield>
  <datafield tag="020" ind1=" " ind2=" ">
   <subfield code="a">9788477985068</subfield>
   <subfield code="9">978-84-7798-506-8</subfield>
  </datafield>
  <datafield tag="020" ind1=" " ind2=" ">
   <subfield code="a">8477985065</subfield>
   <subfield code="9">84-7798-506-5</subfield>
  </datafield>
  <datafield tag="035" ind1=" " ind2=" ">
   <subfield code="a">(DE-627)1860776140</subfield>
  </datafield>
  <datafield tag="035" ind1=" " ind2=" ">
   <subfield code="a">(DE-599)KXP1860776140</subfield>
  </datafield>
  <datafield tag="035" ind1=" " ind2=" ">
   <subfield code="a">(OCoLC)1407119311</subfield>
  </datafield>
  <datafield tag="040" ind1=" " ind2=" ">
   <subfield code="a">DE-627</subfield>
   <subfield code="b">ger</subfield>
   <subfield code="c">DE-627</subfield>
   <subfield code="e">rda</subfield>
  </datafield>
  <datafield tag="041" ind1=" " ind2=" ">
   <subfield code="a">spa</subfield>
  </datafield>
  <datafield tag="044" ind1=" " ind2=" ">
   <subfield code="c">XA-ES</subfield>
  </datafield>
  <datafield tag="050" ind1=" " ind2="0">
   <subfield code="a">NK7162.S223</subfield>
  </datafield>
  <datafield tag="084" ind1=" " ind2=" ">
   <subfield code="a">KUNST</subfield>
   <subfield code="q">DE-16</subfield>
   <subfield code="2">fid</subfield>
  </datafield>
  <datafield tag="084" ind1=" " ind2=" ">
   <subfield code="a">21.92</subfield>
   <subfield code="2">bkl</subfield>
  </datafield>
  <datafield tag="100" ind1="1" ind2=" ">
   <subfield code="a">Santos Márquez, Antonio Joaquín</subfield>
   <subfield code="d">1977-</subfield>
   <subfield code="e">VerfasserIn</subfield>
   <subfield code="0">(DE-588)136879551</subfield>
   <subfield code="0">(DE-627)587674180</subfield>
   <subfield code="0">(DE-576)301326932</subfield>
   <subfield code="4">aut</subfield>
  </datafield>
  <datafield tag="245" ind1="1" ind2="3">
   <subfield code="a">El altar de plata de la catedral de Sevilla</subfield>
   <subfield code="c">Antonio Joaquín Santos Márquez</subfield>
  </datafield>
  <datafield tag="264" ind1=" " ind2="1">
   <subfield code="a">Sevilla</subfield>
   <subfield code="b">Diputación de Sevilla</subfield>
   <subfield code="c">[2023]</subfield>
  </datafield>
  <datafield tag="300" ind1=" " ind2=" ">
   <subfield code="a">341 Seiten</subfield>
   <subfield code="b">Illustrationen</subfield>
  </datafield>
  <datafield tag="336" ind1=" " ind2=" ">
   <subfield code="a">Text</subfield>
   <subfield code="b">txt</subfield>
   <subfield code="2">rdacontent</subfield>
  </datafield>
  <datafield tag="337" ind1=" " ind2=" ">
   <subfield code="a">ohne Hilfsmittel zu benutzen</subfield>
   <subfield code="b">n</subfield>
   <subfield code="2">rdamedia</subfield>
  </datafield>
  <datafield tag="338" ind1=" " ind2=" ">
   <subfield code="a">Band</subfield>
   <subfield code="b">nc</subfield>
   <subfield code="2">rdacarrier</subfield>
  </datafield>
  <datafield tag="490" ind1="1" ind2=" ">
   <subfield code="a">Sección: Arte. Serie 1a</subfield>
   <subfield code="v">n°.  64</subfield>
  </datafield>
  <datafield tag="500" ind1=" " ind2=" ">
   <subfield code="a">&quot;El original de este trabajo fue galardonado con el accésit de la sección de Arte del concurso de monografías Archivo Hispalense, 2021&quot;-- Impressum</subfield>
  </datafield>
  <datafield tag="583" ind1="1" ind2=" ">
   <subfield code="a">Archivierung/Langzeitarchivierung gewährleistet</subfield>
   <subfield code="f">FID</subfield>
   <subfield code="x">XA-DE-BW</subfield>
   <subfield code="2">pdager</subfield>
   <subfield code="5">DE-16</subfield>
  </datafield>
  <datafield tag="610" ind1="1" ind2="0">
   <subfield code="a">Catedral de Sevilla</subfield>
   <subfield code="2">DLC</subfield>
  </datafield>
  <datafield tag="650" ind1=" " ind2="0">
   <subfield code="a">Altarpieces, Baroque</subfield>
   <subfield code="z">Spain</subfield>
   <subfield code="z">Seville</subfield>
   <subfield code="2">DLC</subfield>
  </datafield>
  <datafield tag="650" ind1=" " ind2="0">
   <subfield code="a">Silverwork</subfield>
   <subfield code="z">Spain</subfield>
   <subfield code="z">Seville</subfield>
   <subfield code="x">History</subfield>
   <subfield code="y">17th century</subfield>
   <subfield code="2">DLC</subfield>
  </datafield>
  <datafield tag="650" ind1=" " ind2="0">
   <subfield code="a">Silverwork</subfield>
   <subfield code="z">Spain</subfield>
   <subfield code="z">Seville</subfield>
   <subfield code="x">History</subfield>
   <subfield code="y">18th century</subfield>
   <subfield code="2">DLC</subfield>
  </datafield>
  <datafield tag="650" ind1=" " ind2="0">
   <subfield code="a">Christian art and symbolism</subfield>
   <subfield code="z">Spain</subfield>
   <subfield code="z">Seville</subfield>
   <subfield code="y">Modern period, 1500-</subfield>
   <subfield code="2">DLC</subfield>
  </datafield>
  <datafield tag="650" ind1=" " ind2="0">
   <subfield code="a">Church decoration and ornament</subfield>
   <subfield code="z">Spain</subfield>
   <subfield code="z">Seville</subfield>
   <subfield code="2">DLC</subfield>
  </datafield>
  <datafield tag="689" ind1="0" ind2="0">
   <subfield code="d">g</subfield>
   <subfield code="0">(DE-588)4416448-8</subfield>
   <subfield code="0">(DE-627)213034948</subfield>
   <subfield code="0">(DE-576)212220713</subfield>
   <subfield code="a">Kathedrale Sevilla</subfield>
   <subfield code="g">Sevilla</subfield>
   <subfield code="2">gnd</subfield>
  </datafield>
  <datafield tag="689" ind1="0" ind2="1">
   <subfield code="d">s</subfield>
   <subfield code="0">(DE-588)4160081-2</subfield>
   <subfield code="0">(DE-627)105480444</subfield>
   <subfield code="0">(DE-576)209855126</subfield>
   <subfield code="a">Hochaltar</subfield>
   <subfield code="2">gnd</subfield>
  </datafield>
  <datafield tag="689" ind1="0" ind2="2">
   <subfield code="d">s</subfield>
   <subfield code="0">(DE-588)4181345-5</subfield>
   <subfield code="0">(DE-627)104681780</subfield>
   <subfield code="0">(DE-576)210004193</subfield>
   <subfield code="a">Silberschmiedekunst</subfield>
   <subfield code="2">gnd</subfield>
  </datafield>
  <datafield tag="689" ind1="0" ind2="3">
   <subfield code="a">z</subfield>
   <subfield code="2">gnd</subfield>
   <subfield code="a">Geschichte 1700-1800</subfield>
  </datafield>
  <datafield tag="689" ind1="0" ind2=" ">
   <subfield code="5">(DE-627)</subfield>
  </datafield>
  <datafield tag="787" ind1="0" ind2="8">
   <subfield code="i">Rezensiert in</subfield>
   <subfield code="a">Recio Mir, Álvaro</subfield>
   <subfield code="t">[Rezension von: Antonio Joaquín Santos Márquez, El altar de plata de la catedral de Sevilla]</subfield>
   <subfield code="d">2024</subfield>
   <subfield code="w">(DE-627)1928198643</subfield>
  </datafield>
  <datafield tag="787" ind1="0" ind2="8">
   <subfield code="i">Rezensiert in</subfield>
   <subfield code="a">Quiles García, Fernando</subfield>
   <subfield code="t">[Rezension von: Antonio Joaquín Santos Márquez, El altar de plata de la catedral de Sevilla]</subfield>
   <subfield code="d">2024</subfield>
   <subfield code="w">(DE-627)1961873699</subfield>
  </datafield>
  <datafield tag="810" ind1="2" ind2=" ">
   <subfield code="a">Sevilla</subfield>
   <subfield code="g">Provincia</subfield>
   <subfield code="b">Servicio de Archivo y Publicaciones</subfield>
   <subfield code="t">Servicio de Archivo y Publicaciones / Sección arte / 1</subfield>
   <subfield code="v">n°. 64</subfield>
   <subfield code="9">64</subfield>
   <subfield code="w">(DE-627)519576144</subfield>
   <subfield code="w">(DE-576)512266220</subfield>
   <subfield code="w">(DE-600)2256957-1</subfield>
   <subfield code="7">am</subfield>
  </datafield>
  <datafield tag="856" ind1="4" ind2="2">
   <subfield code="u">https://swbplus.bsz-bw.de/bsz1860776140inh.htm</subfield>
   <subfield code="m">V:DE-576</subfield>
   <subfield code="m">B:DE-16</subfield>
   <subfield code="v">20231101193441</subfield>
   <subfield code="3">Inhaltsverzeichnis</subfield>
   <subfield code="7">1</subfield>
  </datafield>
  <datafield tag="936" ind1="b" ind2="k">
   <subfield code="a">21.92</subfield>
   <subfield code="j">Edelmetallkunst</subfield>
   <subfield code="0">(DE-627)10641576X</subfield>
  </datafield>
  <datafield tag="951" ind1=" " ind2=" ">
   <subfield code="a">BO</subfield>
  </datafield>
  <datafield tag="990" ind1=" " ind2=" ">
   <subfield code="a">Kathedrale Sevilla</subfield>
  </datafield>
  <datafield tag="990" ind1=" " ind2=" ">
   <subfield code="a">Hochaltar</subfield>
  </datafield>
  <datafield tag="990" ind1=" " ind2=" ">
   <subfield code="a">Silberschmiedekunst</subfield>
  </datafield>
  <datafield tag="990" ind1=" " ind2=" ">
   <subfield code="a">Geschichte 1700-1800</subfield>
  </datafield>
  <datafield tag="991" ind1=" " ind2=" ">
   <subfield code="a">Rezensiertes Werk</subfield>
  </datafield>
  <datafield tag="999" ind1=" " ind2=" ">
   <subfield code="a">KXP-PPN1860776140</subfield>
   <subfield code="e">4933967458</subfield>
  </datafield>
 </record>
</collection>
